|
|
|
|
| LEADER |
01124nam a2200277 4500 |
| 001 |
37468 |
| 003 |
BD-DhAAL |
| 005 |
20250807154555.0 |
| 008 |
210214r20081960ii ||||| |||| 001 0 eng d |
| 020 |
|
|
|a 9788170071013
|
| 040 |
|
|
|a BD-DhAAL
|
| 082 |
|
|
|a 326.0934
|2 18
|
| 100 |
|
|
|a Chanana, Dev Raj.
|9 40937
|
| 245 |
|
|
|a Slavery in ancient India :
|b as depicted in Pali and Sanskrit texts /
|c With a foreword by J. Filliozat.
|
| 260 |
|
|
|a New Delhi, India :
|b People's Pub. House,
|c c1960 [2008].
|
| 300 |
|
|
|a xvi, 208 pages ;
|c 22 cm.
|
| 504 |
|
|
|a Includes bibliographical references (pages 183-193) and index
|
| 526 |
|
|
|a BBS
|
| 541 |
|
|
|a Development Book Agency
|e 37468
|
| 650 |
|
|
|a Slavery
|z India.
|9 40938
|
| 650 |
|
|
|a Business & finance.
|9 43335
|
| 700 |
|
|
|a Filliozat, Jean.
|9 58982
|
| 852 |
|
|
|a Ayesha Abed Library
|c General stacks
|
| 942 |
|
|
|2 ddc
|c BK
|
| 999 |
|
|
|c 43203
|d 43203
|
| 952 |
|
|
|0 0
|1 0
|2 ddc
|4 0
|6 326_093400000000000_CHA
|7 0
|9 69241
|a BRACUL
|b BRACUL
|c GEN
|d 2021-01-31
|e Development Book Agency
|g 1600.00
|l 1
|o 326.0934 CHA
|p 3010037468
|r 2021-02-24
|s 2021-02-16
|t 1
|v 1600.00
|w 2021-01-31
|y BK
|x Received during COVID-19 pandemic
|